<?xml version="1.0" encoding="UTF-8"?>
<record
    xmlns:xsi="http://www.w3.org/2001/XMLSchema-instance"
    xsi:schemaLocation="http://www.loc.gov/MARC21/slim http://www.loc.gov/standards/marcxml/schema/MARC21slim.xsd"
    xmlns="http://www.loc.gov/MARC21/slim">

  <leader>00512nam a22001937a 4500</leader>
  <controlfield tag="003">OSt</controlfield>
  <controlfield tag="005">20161026163034.0</controlfield>
  <controlfield tag="008">161026s2015    sp o||||||||| 001 0 spa|d</controlfield>
  <datafield tag="020" ind1=" " ind2=" ">
    <subfield code="a">9788441537354</subfield>
  </datafield>
  <datafield tag="040" ind1=" " ind2=" ">
    <subfield code="b">cat</subfield>
    <subfield code="c">CDMR</subfield>
  </datafield>
  <datafield tag="100" ind1="1" ind2=" ">
    <subfield code="a">Rivas, Rodrigo</subfield>
  </datafield>
  <datafield tag="245" ind1="1" ind2="3">
    <subfield code="a">La Fotograf&#xED;a m&#xF3;vil </subfield>
    <subfield code="c">Rodrigo Rivas</subfield>
  </datafield>
  <datafield tag="260" ind1=" " ind2=" ">
    <subfield code="a">Madrid :</subfield>
    <subfield code="b">Anaya Multimedia,</subfield>
    <subfield code="c">2015</subfield>
  </datafield>
  <datafield tag="300" ind1=" " ind2=" ">
    <subfield code="a">228 p. :</subfield>
    <subfield code="b">fotos,</subfield>
    <subfield code="c">2015</subfield>
  </datafield>
  <datafield tag="504" ind1=" " ind2=" ">
    <subfield code="a">&#xCD;ndex</subfield>
  </datafield>
  <datafield tag="650" ind1="0" ind2="4">
    <subfield code="a">Fotografia</subfield>
    <subfield code="x">T&#xE8;cniques digitals</subfield>
    <subfield code="9">3096</subfield>
  </datafield>
  <datafield tag="650" ind1=" " ind2="4">
    <subfield code="a">Fotografia m&#xF2;bil</subfield>
  </datafield>
  <datafield tag="942" ind1=" " ind2=" ">
    <subfield code="c">MON</subfield>
  </datafield>
  <datafield tag="999" ind1=" " ind2=" ">
    <subfield code="c">6970</subfield>
    <subfield code="d">6970</subfield>
  </datafield>
  <datafield tag="952" ind1=" " ind2=" ">
    <subfield code="0">0</subfield>
    <subfield code="1">0</subfield>
    <subfield code="4">0</subfield>
    <subfield code="7">0</subfield>
    <subfield code="a">CDMR</subfield>
    <subfield code="b">CDMR</subfield>
    <subfield code="d">2016-10-26</subfield>
    <subfield code="e">Intercanvi</subfield>
    <subfield code="g">29.95</subfield>
    <subfield code="l">10</subfield>
    <subfield code="m">9</subfield>
    <subfield code="o">Fa 6/15</subfield>
    <subfield code="p">CDMR16100006</subfield>
    <subfield code="r">2020-09-18</subfield>
    <subfield code="s">2020-07-14</subfield>
    <subfield code="v">29.95</subfield>
    <subfield code="w">2016-10-26</subfield>
    <subfield code="y">MON</subfield>
  </datafield>
</record>
